[Event "Bastia CC Winter op 33th"]
[Site "Bastia"]
[Date "2009.01.02"]
[Round "?"]
[White "Humeau, Cyril"]
[Black "Guagnini, Francois Joseph"]
[Result "1-0"]
[WhiteElo "2203"]
[BlackElo "1660"]
[PlyCount "61"]
[EventDate "2009.01.01"]
[EventType "swiss"]
[EventRounds "5"]
[EventCountry "FRA"]
[SourceTitle "CBM 128 Extra"]
[Source "ChessBase"]
[SourceDate "2009.03.05"]
[SourceVersion "2"]
[SourceVersionDate "2009.03.25"]
[SourceQuality "1"]

1. e4 c5 2. Nc3 Nc6 3. g3 g6 4. Bg2 Bg7 5. d3 d6 6. Be3 e5 7. Qd2 Nge7 8. Bh6 0-0 9. Bxg7 Kxg7 10. h4 f6 11. h5 g5 12. h6+ Kh8 13. Nge2 Be6 14. 0-0-0 Qa5 15. Kb1 b5 16. f4 b4 17. Nd5 Nd4 18. Nxd4 Bxd5 19. exd5 cxd4 20. fxg5 Ng6 21. gxf6 Rxf6 22. Rdf1 Raf8 23. Rxf6 Rxf6 24. Rf1 Rxf1+ 25. Bxf1 Qxd5 26. Bg2 Qc5 27. Qg5 Kg8 28. Qd8+ Nf8 29. Qf6 Qc7 30. Bd5+ Qf7 31. Qg7# 1-0